000 00979nam a2200325Ia 4500
001 Z_6169
003 CHAP
008 220113s9999 xx 000 0 und d
010 _a169401
020 _a970-07-2667-3
040 _cCHAP
082 _a891.73 D68
100 _aDostoievski, Fedor 1821-1881
_9143071
245 _aEl príncipe idiota; El sepulcro de los vivos /
_cFedor Dostoievski; notas preliminares de Rosa María Phillips
250 _a10a ed.
260 _aMéxico :
_bPorrúa,
_c
300 _a310, 227 p.
440 _aSepan cuantos; n. 84
_9144038
500 _aAgregar etiqueta 246: variantes del título: El sepulcro de los vivos
503 _aej.1: Donación del Profesor Pedro Gutierrez Soria
650 _aLiteratura rusa
_xsiglo XIX
_9143073
650 _aNovela
_982011
700 _aRosa María Phillips, prologista
_9144039
901 _a891.73 D68
902 _aM
910 _a
942 _c1
942 _cc1
999 _c169401
_d169401